[Event "RUS-chT 12th"]
[Site "Sochi"]
[Date "2005.04.27"]
[Round "9"]
[White "Eljanov, Pavel"]
[Black "Sutovsky, Emil"]
[Result "0-1"]
[WhiteElo "2641"]
[BlackElo "2665"]
[Annotator "Krasenkow,M"]
[PlyCount "74"]
[EventDate "2005.04.19"]
[EventType "team-tourn"]
[EventRounds "11"]
[EventCountry "RUS"]
[SourceTitle "EXT 2020"]
[Source "ChessBase"]
[SourceDate "2019.10.17"]
[SourceVersion "1"]
[SourceVersionDate "2019.10.17"]
[SourceQuality "1"]
[WhiteTeam "Saratov Ekonomist SGSEU"]
[BlackTeam "Saransk TPS"]
[WhiteTeamCountry "RUS"]
[BlackTeamCountry "RUS"]

1. d4 Nf6 2. c4 g6 3. Nc3 d5 4. cxd5 Nxd5 5. Bd2 Nb6 6. Bg5 Bg7 7. e3 h6 8. Bh4
O-O 9. Rc1 $5 (9. Nf3 {-see Dreev-Sutovsky in this issue.}) 9... g5 (9... N8d7
10. Nf3 a5 11. h3 a4 12. a3 c6 13. Bd3 Nf6 14. O-O Nfd5 15. Bg3 Be6 16. Qe2
Nxc3 17. bxc3 Nd7 18. c4 f5 19. Rfd1 Qe8 20. d5 $1 Bf7 21. e4 $16 {1-0
Veingold,A-Sion Castro,M/Cala Galdana 1999/CBM 073 ext (40)}) 10. Bg3 c5 $1 {
This is now quite appropriate.} 11. dxc5 Bxc3+ 12. Rxc3 Qxd1+ 13. Kxd1 {
This was the point behind 9.Rc1. White is a pawn up, keeps a pair of bishops,
and his pawn structure is not damaged. However, the price for that is quite
high as his king can get under a strong attack.} Na4 14. Rc2 Bf5 15. Rd2 Nc6 (
15... Nxc5 $4 16. Rd5 {but after the text move White must give up his c5 pawn.}
) 16. Ne2 Nxc5 17. f3 {[%cal Ye2d4]} (17. Nd4 Nxd4 18. Rxd4 (18. exd4 Ne4)
18... Rfd8 {was pleasant for Black.}) (17. Nc3 $5 {to complete the development
as soon as possible:} Rfd8 18. Bc4 {etc.}) 17... Be6 {Starting an attack of
the white queenside pawns.} (17... Rfd8 18. Nd4 $1 (18. Nc3 Rxd2+ 19. Kxd2 Rd8+
20. Ke1 Nb4 $40) 18... Nxd4 19. exd4 {as the black knight has no e4 square.})
18. b3 Rfc8 {A prophylactical move. Black prepares an interesting response to
Ne2-d4.} (18... a5 19. Nd4) 19. Nd4 (19. Nc3 Nb4 $1 {[%csl Rc3][%cal Rc5b3]}
20. Nb5 Nxa2 $1) (19. h4 a5 $5) 19... Nxd4 ({After} 19... Bd7 {White maintains
a small plus due to his pair of bishops.}) 20. exd4 (20. Rxd4 Rd8 $5 (20... a5
$5 21. Bb5)) 20... Nxb3 $5 {[%mdl 512]} 21. axb3 Bxb3+ 22. Ke2 Rc1 {The pin on
the 1st rank plus a strong a-pawn - still it is hard to say whether all that
compensates a whole piece.} (22... a5 23. Rb2 a4 24. Kd2) 23. Rb2 (23. h4 {
led to interesting variations:} a5 (23... g4 24. Bf4 $5) 24. hxg5 hxg5 (24...
a4 $6 25. Be5 a3 26. Rxh6 f6 27. gxf6 exf6 28. Bxf6) 25. Kf2 a4 26. Re2 $1 {
urgently creating counterplay} (26. Rh5 f6) 26... Rac8 $1 (26... a3 27. Rxe7 {
[%cal Rg3e5]} Ra5 28. Bd6 $1 {[%cal Re7e8]} Kg7 29. d5 $1 $18 {[%cal Oe7b7,
Cb3d5,Rd6e5]}) (26... Re8 27. Bd6) 27. Rxe7 R8c2+ 28. Ke3 (28. Re2 Rxe2+ 29.
Kxe2 a3 30. Be5 f6 31. Bxf6 a2 32. d5 Bxd5 33. Kd2 a1=Q 34. Bxa1 Rxa1 35. Rh5
Rxf1 36. Rxg5+ Kf7 37. Rxd5 Rf2+ $11) 28... f5 $1 29. f4 Rc3+ 30. Kf2 R3c2+ $11
) 23... Be6 (23... Bd5 $5) 24. Rg1 ({After} 24. Rxb7 a5 {stopping this pawn is
not an easy task, e.g.} 25. Kd2 Ra1 26. Rxe7 a4 27. Be5 Rb1 28. Rxe6 fxe6 29.
Kc2 Ra1 $13) 24... a5 25. Kd2 Rac8 26. Bf2 a4 27. Bd3 Rxg1 28. Bxg1 a3 29. Rxb7
$4 {A terrible blunder.} (29. Rb1 {was correct, although after} a2 30. Ra1 Bb3
{it is not easy for White to make use of his extra piece.}) 29... a2 30. Ra7
Bd5 {[%cal Rc8a8] Suddenly White can't stop the a2 pawn.} 31. Ra4 Ra8 32. Ba6
Rb8 33. Bd3 Rb1 34. Rxa2 Rxg1 35. Ra5 Rxg2+ 36. Ke3 e6 37. Be4 Bc4 0-1

[Event "SVK-ch"]
[Site "Kaskady"]
[Date "2002.07.06"]
[Round "10"]
[White "Khenkin, Igor"]
[Black "Sutovsky, Emil"]
[Result "1/2-1/2"]
[WhiteElo "2587"]
[BlackElo "2660"]
[Annotator "Krasenkow,M"]
[PlyCount "68"]
[EventDate "2002.06.27"]
[EventType "tourn"]
[EventRounds "11"]
[EventCountry "SVK"]
[EventCategory "12"]
[SourceTitle "CBM 090"]
[Source "ChessBase"]
[SourceDate "2002.09.20"]
[SourceVersion "1"]
[SourceVersionDate "2002.09.20"]
[SourceQuality "1"]

1. d4 Nf6 2. c4 g6 3. Nc3 d5 4. cxd5 Nxd5 5. e4 Nxc3 6. bxc3 Bg7 7. Nf3 c5 8.
Be3 Qa5 9. Qd2 Nc6 10. Rb1 cxd4 11. cxd4 Qxd2+ 12. Kxd2 O-O 13. d5 Na5 $5 {
[%mdl 4] An interesting alternative to the automatic} (13... Rd8 14. Bd3 Na5) {
The white king is not really well-placed on d2, and White can't play Bd2 so
far.} 14. Bc5 $6 {A dubious reply.} (14. Bg5 {is now senseless in view of} f6)
(14. Bd3 $5 {looks logical.}) 14... f5 $1 15. Bxe7 Rf7 $1 $146 {[%mdl 8] The
only known game played with 13...Na5 saw} (15... Re8 $5 16. d6 Bh6+ 17. Kd1
fxe4 18. Ne5 (18. Nd2 $5) 18... a6 19. Rb4 b5 20. Rxe4 Bf5 21. Rd4 $6 (21. Re1
$5 $13) 21... Bg7 22. f4 Bxe5 23. fxe5 Nc6 24. g4 Be6 $17 {0-1 Klauser,
M-Georges,S/Lenk 1991/CBM 24 ext (54)}) {The text move is even simpler.} 16. d6
fxe4 17. Ng5 Rxf2+ {Another merit of refraining from 13...Rd8.} 18. Ke3 Rxa2
19. Bb5 Ra3+ 20. Kf4 h6 21. d7 hxg5+ 22. Kxg5 (22. Kxe4 $5 Bxd7 23. Bxd7 Rc3
24. Rhc1 {and White should not lose thanks to his bishop pair.}) 22... Bxd7 23.
Bxa3 (23. Bxd7 {was still possible but after} Rd3 24. Be6+ Kh8 (24... Kh7 25.
Bf7) 25. Kxg6 Nc6 26. Rxb7 Re8 27. Kf7 Rxe7+ 28. Rxe7 Nxe7 29. Kxe7 e3 {
Black's pawns are certainly stronger than White's.}) 23... Bxb5 24. Rxb5 Nc4
25. Be7 $13 {_|_} b6 26. Rc1 Ne5 $6 (26... a6 $5 27. Rd5 b5 28. Kxg6 Re8 {
is quite messy.}) 27. Bf6 {Forcing a draw.} (27. Rc7 $1 e3 28. Rb4 {[%cal
Yb4e4] looks like a promising attempt to play for a win.}) 27... Bxf6+ 28. Kxf6
Rf8+ $1 29. Kxe5 (29. Ke6 $6 Nd3) 29... Rf5+ 30. Kxe4 Rxb5 31. Rc8+ Kg7 32.
Rc7+ Kh6 33. Rxa7 Rb4+ 34. Kf3 Rb3+ 1/2-1/2

[Event "SWE-ch"]
[Site "Skara"]
[Date "2002.07.04"]
[Round "5"]
[White "Eriksson, Johan"]
[Black "Ernst, Thomas"]
[Result "1/2-1/2"]
[WhiteElo "2426"]
[BlackElo "2471"]
[Annotator "Krasenkow,M"]
[PlyCount "80"]
[EventDate "2002.06.30"]
[EventType "tourn"]
[EventRounds "13"]
[EventCountry "SWE"]
[EventCategory "9"]
[SourceTitle "CBM 091"]
[Source "ChessBase"]
[SourceDate "2002.11.12"]
[SourceVersion "1"]
[SourceVersionDate "2002.11.12"]
[SourceQuality "1"]

1. d4 Nf6 2. c4 g6 3. Nc3 d5 4. cxd5 Nxd5 5. e4 Nxc3 6. bxc3 Bg7 7. Nf3 c5 8.
Rb1 O-O 9. Be2 cxd4 10. cxd4 Qa5+ 11. Bd2 Qxa2 12. O-O b6 13. Qc1 Qe6 14. Re1 {
About this line - see CBM70, annots to Chernin-C.Horvath.} Bb7 ({There have
recently been two games with} 14... Ba6 {in which Black held his ground:} 15.
Bd1 Qd7 (15... Rc8 16. Qa3 Qd7 $5 17. Bf4 Bc4 18. d5 b5 19. Ne5 Bxe5 20. Bxe5
a5 21. Ba1 a4 22. h3 Qd8 23. Be2 Bxe2 24. Rxe2 Nd7 25. Rxb5 Qc7 26. Re1 Qd6 {
1/2-1/2 Weber,K-Cuno,T/ICCF 1999/ICCF tele 1/2002 (48)}) 16. Bh6 Bb7 17. Bxg7
Kxg7 18. Rb3 Na6 19. Qb2 f6 20. Nh4 Rad8 21. Rg3 e6 22. d5 Nc5 23. Bg4 Qf7 $13
{1/2-1/2 Agrest,E-Gavrikov,V/Paide 1999/EXT 2000 (41)}) 15. Bc4 {After this
move Black can easily develop his pieces although White maintains his space
advantage and good compensation for the pawn.} (15. Bb5 {is apparently more
appropriate:} Na6 16. Bf4 Qc8 17. Qe3 Qd8 18. Rbc1 Rc8 19. Rxc8 Qxc8 20. Rc1
Qa8 21. Qa3 Nb8 22. d5 $16 {1-0 Chernin,A-Horvath,C/Lillafured 1999/CBM 70/
[Krasenkow] (36)}) 15... Qd7 16. Bh6 Nc6 17. Bxg7 Kxg7 18. Bb5 (18. d5 {
is possible, too:} Na5 19. Bb5 Qd6 20. Qb2+ Kg8 21. Qd2 {[%cal Yd2h6]} e5 22.
h4 f6 23. Qh6 Rfc8 24. h5 Qf8 25. Qd2 $44 {1/2-1/2 Eriksson,J-Moberg,K/Sweden
2000/EXT 2002 (48)}) 18... Qc8 $6 {Not a good square for the queen.} (18... Qd6
{was better here, too}) 19. d5 Na5 20. Qb2+ Kg8 21. Ne5 $6 {Allowing Black to
consolidate his position.} (21. Qd2 $5 {[%cal Yd5d6,Yd2h6,Ye4e5] looked very
strong}) 21... Qc7 22. Red1 Rfd8 23. Ng4 $5 Qf4 $1 24. h3 (24. Be2 f6) 24... h5
{Black starts a forced manoeuvre leading to an equal ending.} (24... f6 $5) 25.
g3 Qxe4 26. Rd4 (26. Nh6+ Kh7 27. Rd4 Qf3 $5 28. Rf4 Qxf4 29. gxf4 Kxh6) 26...
Qxd4 (26... Qxb1+ $5 27. Qxb1 hxg4 {[%csl Rd5]}) 27. Nh6+ Kh7 28. Qxd4 Kxh6 29.
Qe3+ Kg7 30. Rd1 Kg8 31. Qxe7 Rxd5 32. Rxd5 Bxd5 $11 33. Bd7 Nb7 34. f4 (34.
Qe5 Nc5 $1 35. Qxd5 Rd8) 34... Nc5 35. f5 Nxd7 36. Qxd7 Be4 37. g4 hxg4 38.
hxg4 gxf5 39. gxf5 Bxf5 {The simplest} 40. Qxf5 Re8 {With inevitable ...Re6
and an unassailable fortress.} 1/2-1/2

[Event "Tan Chin Nam Cup 8th"]
[Site "Qingdao"]
[Date "2002.07.04"]
[Round "2"]
[White "Dao, Thien Hai"]
[Black "Lin, Weiguo"]
[Result "1/2-1/2"]
[WhiteElo "2539"]
[BlackElo "2463"]
[Annotator "Krasenkow,M"]
[PlyCount "61"]
[EventDate "2002.07.04"]
[EventType "swiss"]
[EventRounds "9"]
[EventCountry "CHN"]
[SourceTitle "CBM 091"]
[Source "ChessBase"]
[SourceDate "2002.11.12"]
[SourceVersion "1"]
[SourceVersionDate "2002.11.12"]
[SourceQuality "1"]

1. d4 Nf6 2. c4 g6 3. Nc3 d5 4. cxd5 Nxd5 5. e4 Nxc3 6. bxc3 Bg7 7. Bb5+ ({
After} 7. Nf3 c5 8. Rb1 O-O 9. Be2 Bg4 {there is a side line} 10. Rxb7 (10. O-O
$142) 10... Nc6 11. O-O {, which leads to the following variations:} Bxf3 (
11... cxd4 $5 12. cxd4 (12. Nxd4 Bc8 13. Rb1 Nxd4 14. cxd4 {1/2-1/2 Georgiev,
K-Spiridonov,N/Sofia 1982/EXT 99 (14)}) 12... Bc8 13. Rb3 Nxd4 14. Nxd4 Qxd4
15. Be3 Qa4 16. Bc5 Qxa2 17. Bc4 Ba6 18. Bxa6 Qxa6 19. Bxe7 Rfe8 20. Qd5 Qe6
$11 {1/2-1/2 Plachetka,J-Ghinda,M/Naleczow 1979/MCD (28)}) 12. Bxf3 cxd4 13.
Qa4 (13. cxd4 Nxd4 14. Bg5 Qa5 15. Bxe7 Rfe8 16. a3 Qa6 17. Qb1 Qe6 18. Bh4 Qa6
19. Be7 Qe6 20. Bg5 Qa6 21. Be7 Qe6 22. Bg5 Qa6 23. Bc1 Rac8 24. h3 h5 25. Re1
Be5 26. Be3 {1/2-1/2 Khenkin,I-Fercec,N/Pula 1990/EXT 2000 (26)}) 13... Qc8 14.
Rb3 $6 Be5 $1 (14... dxc3 $6 15. e5) 15. c4 Qc7 16. g3 Rab8 17. Be2 Rfd8 $15 {
1-0 Van der Sterren,P-Van Mil,J/Amsterdam 1983/MCD (37)}) 7... Bd7 8. Be2 c5 9.
Nf3 Bg4 10. Rb1 Nc6 11. Rxb7 O-O 12. O-O {And this game has reached the
position examined in the annotation above, with a transposition of moves.} Bxf3
13. Bxf3 cxd4 14. Qa4 Qc8 15. Rb5 {A harmless attempt of improvement on the
above-mentioned game Van der Sterren-Van Mil, which saw} (15. Rb3) 15... Ne5 $6
{Not the best reaction.} (15... dxc3 $4 16. Rc5 $18) ({However,} 15... Qe8 $1 {
[%cal Rd4c3]} 16. Rc5 Ne5 17. Qxe8 Rfxe8 18. cxd4 Nxf3+ 19. gxf3 Bxd4 {lead to
an excellent position for Black.}) 16. cxd4 ({The exchange sac} 16. Rxe5 $5
Bxe5 17. cxd4 $44 {was an interesting attempt to fight for an advantage.})
16... Nxf3+ 17. gxf3 {White keeps an extra pawn but Black has a compensation
due to the exposed position of the white king. The question is, however,
whether it is enough for equality.} Qh3 18. Rb3 e6 (18... Rfd8 $5) 19. Rd3 (19.
Bf4 Rfd8 20. Rd3 $140 $2 e5) 19... Rac8 $6 {An inaccuracy.} (19... Qh4 $142 $5
{preventing Bf4-g3.}) 20. Bf4 $1 {White brings his bishop to a good position 
(both defending and attacking) and obtains good winning chances.} Rfd8 21. Rfd1
h6 22. Bg3 h5 23. Bf4 (23. Qa6 $5) 23... Bf6 (23... Qh4 24. Bg3 Qh3 25. Qa6 $1)
24. Qa5 Rc2 25. a3 ({White could have safely taken the pawn:} 25. Qxa7 Bh4 26.
Bg3 Bxg3 27. hxg3 h4 28. g4 $16) 25... Ra2 26. Qe1 {Too cautious.} (26. Bg5 $1
$16) 26... g5 (26... Qh4 $5 27. Bg3 Qg5 28. h4 Qb5) 27. Bc1 $2 {This leads to
a forced draw.} (27. Bc7 $1 Rc8 (27... Rd7 28. Qc3 $5) 28. f4 Qg4+ 29. Rg3 Qe2
30. Be5 $1 {was the last way for White to fight for a win.}) 27... Rxd4 $1 28.
Rxd4 Be5 29. Rd8+ Kh7 30. f4 $8 Qg4+ 31. Kh1 1/2-1/2

[Event "Bundesliga 0405"]
[Site "Germany"]
[Date "2005.02.13"]
[Round "11.5"]
[White "Nyback, Tomi"]
[Black "L'Ami, Erwin"]
[Result "1/2-1/2"]
[WhiteElo "2554"]
[BlackElo "2516"]
[Annotator "Krasenkow,M"]
[PlyCount "70"]
[EventDate "2004.11.12"]
[EventType "team-tourn"]
[EventRounds "15"]
[EventCountry "GER"]
[SourceTitle "CBM 106"]
[Source "ChessBase"]
[SourceDate "2005.06.06"]
[SourceVersion "1"]
[SourceVersionDate "2005.06.06"]
[SourceQuality "1"]
[WhiteTeam "Werder Bremen"]
[BlackTeam "Katernberg"]
[WhiteTeamCountry "GER"]
[BlackTeamCountry "GER"]

1. d4 Nf6 2. c4 g6 3. Nc3 d5 4. cxd5 Nxd5 5. e4 Nxc3 6. bxc3 Bg7 7. Nf3 c5 8.
Rb1 O-O 9. Be2 cxd4 10. cxd4 Qa5+ 11. Bd2 Qxa2 12. O-O Nc6 $6 {This move has
been considered totally wrong since the very appearance of the 8.Rb1 system.
The Dutch player unsuccessfully tries to rehabilitate it.} 13. d5 Na5 (13...
Ne5 14. Nxe5 Bxe5 15. Bb4 {is hardly satisfactory for Black, e.g.} Bd6 (15...
Bf6 16. f4 Rd8 17. Rf2 Bd4 18. Qxd4 Qxb1+ 19. Rf1 Qc2 20. Bc3 f6 21. Bd3 Qb3
22. Rb1 Qa3 23. Ra1 Qd6 (23... Qb3 24. Bc4 Qc2 25. d6+ Kg7 26. e5 $18) 24. e5
Qxd5 25. Bc4 Be6 26. Bxd5 Rxd5 27. Qb4 {1-0 Hoffman,A-Garcia,I/Candas 1992/TD})
16. Bc3 Qa3 17. Qd2 a5 18. Ra1 Qc5 19. Rfc1 a4 20. e5 Bb8 21. Bb4 Qa7 22. d6
exd6 23. exd6 Be6 24. Qh6 Qb6 25. Rc4 $1 Bxc4 $2 (25... f6 $8) 26. Bc3 {
1-0 Short,P-Path,D/Castleconnell 2000/EXT 2001}) {But how can the a5 knight
help Black?} 14. Bb4 Bg4 $5 (14... Bd7 {deserves more attention. It has been
seen in practice but at quite a low level:} 15. Bxe7 (15. Bd3 $5 Rfc8 16. Qe1
b6 17. Qe3 (17. Bxe7 $5) 17... Nc4 18. Qf4 Nb2 19. Be2 Rc2 20. Rbe1 Rxe2 21.
Rxe2 Bb5 22. Qd2 Qa6 23. Rfe1 Bxe2 24. Rxe2 Nd3 25. Bxe7 Qa1+ 26. Ne1 Bc3 27.
Qxd3 Bxe1 28. Qa3 Qd1 {0-1 Outerelo Ucha,M-Redin,J/Pamplona 1991/EXT 2000})
15... Rfe8 16. d6 Ba4 17. Qd5 (17. Qe1 Nc6) 17... Qxe2 (17... Qxd5 $142 18.
exd5 Bf8 $13) 18. Qxa5 Bc6 19. Rfe1 Qc2 20. Rbc1 Qb3 21. Ne5 Ba4 22. Ng4 Bc6
23. Qg5 Qe6 24. e5 Qd5 25. f3 f5 26. Nf6+ {1-0 Andeer,S-Dziel,J/ICCF Email
2001/ICCF tele 9/2002}) 15. Re1 {White needn't hurry with the capture of the
e7 pawn.} (15. Bxe7 {is less clear, e.g.} Rfe8 16. d6 Nc6 {(the knight proves
useful!)} 17. Bb5 Qa3 {etc.}) 15... Rac8 $2 {This loses by force.} (15... Rfd8
{is probably the best option as} 16. Bxe7 Re8 17. d6 Nc6 {is still unclear.})
16. Bd3 $2 {This move allows White to keep his advantage; however, he misses} (
16. Ne5 $3 Bxe5 (16... Bxe2 17. Rxe2 $18 {[%csl Ra2]}) 17. Bxg4 $18 {[%csl Ra2,
Ra5][%cal Cf7f5,Cf5g4,Rg4c8,Re1e2]}) 16... Nc4 $1 17. Bxe7 Rfe8 (17... Nb2 18.
Qe2 {is senseless.}) 18. Rxb7 $6 {Missing Black's tactical trick.} (18. d6 $1
$16) 18... Rxe7 $1 19. Bxc4 $2 {White shouldn't have believed his opponent!} (
19. Rxe7 $142 Nb2 (19... Qa3 $2 20. Rb7 Nb2 21. Qb3) 20. Qd2 $1 Qa3 {[%cal
Cd2f4,Cf4f7,Ra3d3,Ra3e7]} (20... Bxf3 21. d6 $1) 21. Qf4 $1 {[%cal Ca3e7,Rf4f7,
Rf4g4]} Qxe7 (21... Rf8 22. Bf1 Bxf3 23. Rb7 $18) 22. Qxg4 {keeping an extra
pawn and winning chances!}) 19... Qa3 20. Rxe7 Qxe7 {Here, too, White is a
pawn up but Black's bishop pair guarantees him a sufficient compensation.} 21.
Bb5 (21. d6 Qd7 22. Qd5 Be6 $140 23. Bb5 $1 {was the only chance.}) 21... Qb4
22. Qa4 (22. Bc6 Be5 $5) 22... Qxa4 23. Bxa4 Bxf3 24. gxf3 Rc4 25. Bc6 Be5 {
Opposite-coloured bishops and White's poor pawn structure reduce his winning
chances to zero.} 26. Rb1 a5 27. Rb7 Kf8 28. Ra7 Rc5 29. Kg2 h5 30. Ba4 g5 31.
f4 Bxf4 32. Bd1 g4 33. h3 Rc1 34. Ba4 Rc4 35. Rxa5 Rxe4 1/2-1/2

[Event "EU-ch 12th"]
[Site "Aix les Bains"]
[Date "2011.03.24"]
[Round "3"]
[White "Sedlak, Nikola"]
[Black "Sutovsky, Emil"]
[Result "0-1"]
[WhiteElo "2556"]
[BlackElo "2692"]
[Annotator "Krasenkow,M"]
[PlyCount "140"]
[EventDate "2011.03.22"]
[EventType "swiss"]
[EventRounds "11"]
[EventCountry "FRA"]
[SourceTitle "CBM 142 Extra"]
[Source "ChessBase"]
[SourceDate "2011.06.27"]
[SourceVersion "1"]
[SourceVersionDate "2011.06.27"]
[SourceQuality "1"]

1. d4 Nf6 2. c4 g6 3. Nc3 d5 4. cxd5 Nxd5 5. e4 Nxc3 6. bxc3 Bg7 7. Nf3 c5 8.
Be3 Qa5 9. Qd2 Nc6 10. Rb1 cxd4 (10... a6 {is more common.}) 11. cxd4 O-O (
11... Qxd2+ {is the other option.}) 12. Qxa5 (12. d5 $4 Bc3 {0-1 Mikhalchishin,
A (2535)-Romanishin,O (2590)/Frunze 1981/URS-ch}) (12. Bb5 Qxd2+ 13. Kxd2 f5
14. d5 Rd8 15. Kc1 $6 (15. Ke2 Na5 $11) 15... Ne5 16. Nxe5 Bxe5 17. f4 Bd6 18.
e5 Ba3+ 19. Kc2 Rxd5 20. Bc4 Be6 21. Bxd5 Bxd5 22. Rb3 Rc8+ 23. Rc3 Be4+ 24.
Kb3 Bd5+ 25. Kc2 {1/2 Raicevic,V (2455)-Filipovic,B (2415)/Banja Luka 1987/EXT
1997}) (12. Bd3 Bg4 $5 (12... f5 13. Qxa5 Nxa5 14. Ke2 fxe4 15. Bxe4 Bf5 16.
Bxf5 Rxf5 17. Rhc1 Rd5 18. Rc7 Bf6 19. a4 Rad8 20. Bd2 Nc6 21. Rbxb7 Nxd4+ 22.
Nxd4 Rxd4 23. Bc3 Re4+ 24. Kf3 Rxa4 25. Bxf6 Rf8 26. Rxe7 Rxf6+ 27. Kg3 h5 28.
f3 Raa6 29. Kh4 Rf5 30. Re8+ Rf8 31. Rxf8+ Kxf8 32. Kg5 Ra2 33. g4 hxg4 34.
fxg4 Rxh2 35. Kxg6 a5 $11 {1/2 Rivas Pastor,M (2465)-Sisniega,M (2455)/Bayamo
1983/MCD (41)}) (12... Rd8 13. Qxa5 Nxa5 14. h3 b6 15. Ke2 f5 16. Rhc1 fxe4 17.
Bxe4 Ba6+ 18. Bd3 Bxd3+ 19. Kxd3 Rac8 20. Rxc8 Rxc8 21. Rc1 Rxc1 22. Bxc1 $14 {
1-0 Raicevic,V (2455)-Wiedenkeller,M (2460)/Banja Luka 1987/EXT 1997 (40)}) (
12... e6 $5) 13. Rxb7 $6 (13. Qxa5 $5 Nxa5 14. Ke2) 13... Bxf3 14. gxf3 Qh5 15.
Be2 Bxd4 $1 16. Rb5 Qh4 $15 {1/2 Chekhov,V (2510)-Petrienko,V (2405)/Soviet
Union 1982/EXT 2010 (28)}) 12... Nxa5 13. Bd2 (13. Bb5 b6 14. Rc1 (14. Bg5 Bb7
$1) 14... Bb7 15. d5 f5 16. Bd7 Bc8 $1 $11 (16... fxe4 $2 17. Be6+ Kh8 18. Ng5
$16 {1-0 Ivanov,M (2480)-Bernasek,J (2495)/Teplice 2010/CBM 136 Extra (24)}))
13... b6 14. Bxa5 {It is well-known that this exchange is usually harmless in
this kind of position. However, the other options don't promise White any
advantage either:} (14. Bb5 Bg4 15. d5 (15. Bb4 a6 16. Ba4 Bxf3 17. gxf3 Bxd4
18. Bxe7 {1/2 Khenkin,I (2587)-Stohl,I (2550)/Kaskady 2002/CBM 090}) 15... Rfc8
16. Bxa5 bxa5 17. O-O Rab8 18. Ba6 Rd8 19. Bb7 f5 20. h3 fxe4 21. hxg4 exf3 22.
gxf3 Be5 $11 {1/2 Miles,A (2585)-Ftacnik,L (2535)/Gjovik 1983/MCL (36)}) (14.
h3 Nb7 (14... Rd8 $5) 15. Bb4 Rd8 16. Bb5 Nd6 17. Bc6 Bb7 18. Bxb7 Nxb7 19. O-O
Bxd4 20. Bxe7 Re8 21. Nxd4 Rxe7 22. f3 Nc5 $11 {1/2 Seirawan,Y (2605)
-Tseshkovsky,V (2510)/Cetinje 1992/EXT 1997 (48)}) 14... bxa5 15. Bc4 Bg4 16.
Ne5 Bxe5 17. dxe5 Rac8 18. Bd5 Rc5 (18... Rc2 $5 19. O-O Rfc8 20. f3 Bd7 21.
Rb7 R8c7 22. Rxc7 Rxc7 23. Rb1 $11) 19. O-O $6 (19. Kd2 $5 e6 $140 (19... Rd8
20. Ke3) 20. Bb3 $13 {[%csl Rg4]}) 19... e6 20. Bb3 Be2 $1 21. Rfe1 $6 {
White plays too passively. It was better to give up the e5-pawn but activate
his rooks:} (21. Rfc1 $5 Rfc8 (21... Rxe5 22. f3 $132) 22. Rxc5 Rxc5 23. f3
$132 Rxe5 $140 $6 24. Rc1) 21... Bb5 22. f4 Rd8 23. Red1 Rxd1+ 24. Bxd1 (24.
Rxd1 a4 25. Rd8+ Kg7 26. Bd1 g5 $36) 24... Bd3 25. Rb8+ Kg7 26. Bf3 Rc4 27. Rb7
(27. Kf2 Bxe4 28. Rb2 Bxf3 29. Kxf3 h6 $17 {[%cal Yg6g5]}) 27... Bxe4 28. Bxe4
Rxe4 29. Rxa7 Ra4 30. h3 (30. g3 $5 Rxa2 31. h4 {[%cal Ya7a8]} a4 32. Kf1 a3
33. Ke1 $1 Kh6 $1 (33... Ra1+ 34. Kf2 {and Black has yet to find a way to win.}
) 34. g4 Kg7 35. Kf1 h5 36. g5 Kf8 $19) 30... h5 31. g3 h4 $6 {Attractive but
probably wrong. White's passed pawn will play an important role in his
counterplay.} (31... Rxa2 $142) 32. gxh4 Rxf4 33. Rxa5 Rxh4 34. Kg2 g5 35. Kg3
Re4 36. Kf3 Rf4+ 37. Kg3 Kg6 (37... Rf5 38. h4 gxh4+ 39. Kxh4 Kg6 40. Kg3 f6 {
[%cal Rf5e5] would be winning without White's a-pawn but not now.}) 38. Ra3 Re4
39. Ra5 Re3+ 40. Kg2 Rd3 41. Kh2 Rd7 42. a4 Kf5 43. Rb5 $6 (43. Kg3) 43... Kf4
44. Rb2 $2 (44. Kg2 {and it is unclear how Black can win.}) 44... Kxe5 45. a5
Ra7 46. Ra2 {The rook behind the pawn often guarantees a draw in such
positions but here White's a5-pawn is not far enough advanced.} Ra6 47. Kg3 f5
48. Kf3 Kd4 49. Ra4+ (49. Rd2+ Kc5 $5 50. Rc2+ Kb5 51. Rg2 Rxa5 52. Rxg5 Ra3+
53. Kg2 Kc5 54. h4 Ra8 55. Kg3 Kd5 56. h5 Rh8 57. Kf4 Kd6 $22 $19) 49... Kc5
50. Ra1 e5 51. Rc1+ Kd5 52. Rd1+ Ke6 53. Ra1 e4+ 54. Kg3 Ke5 55. Ra4 f4+ 56.
Kf2 Kf5 57. Kg2 e3 58. Kf3 Re6 $6 (58... Rh6 $1 59. a6 (59. Kg2 Rd6 60. a6 Rd2+
61. Kf1 f3 62. Ra1 Rg2 $19) 59... Rxh3+ 60. Ke2 Rh2+ 61. Kd3 Rd2+ 62. Kc3 Rd8
63. a7 e2 $19) 59. Ra1 Ra6 60. Ke2 (60. Ra4 Rh6 $19) 60... Kg6 61. Kf3 Kf5 62.
Ke2 Ke5 $2 {Going astray.} (62... g4 $1 63. hxg4+ Kxg4 64. Rg1+ Kf5 65. Ra1 Rh6
$1 66. a6 Rh2+ 67. Kd3 Rd2+ 68. Kc3 Rd8 69. a7 e2 $19) 63. Kf3 Rh6 64. Kg2 Ra6
65. Kf3 Kd4 66. Ke2 Kc3 67. Rc1+ $2 (67. Ra4 $1 Kb3 (67... Rf6 68. Kf3 Rh6 69.
Kg2) 68. Ra1 Kb2 $1 (68... Kb4 69. h4 $1 gxh4 70. Rf1 Rf6 71. a6 $11) 69. Rf1
$1 (69. Ra4 Re6 $1 {[%cal Rf4f3]} 70. Rb4+ Kc3 71. Rb1 Rh6 72. Rh1 g4 $19)
69... Rh6 (69... Rxa5 70. h4 $1 $13) (69... Kc3 70. Ra1 {Unfortunately, Black
can't return to the right plan:} Kd4 71. Ra4+ Ke5 72. Ra2 Kf5 $2 73. Ra1 {
with a triple repetition.}) 70. a6 $1 Rxh3 71. a7 Rh8 72. Rh1 Ra8 73. Rh7 Kc3
74. Rg7 Kd4 75. Kf3 $1 {, and Black apparently can't win despite his two extra
pawns!}) 67... Kb4 68. Rb1+ (68. h4 Rxa5 $19) 68... Kxa5 69. Rg1 Kb4 70. Kf3
Ra2 0-1